Arctic Monkeys Lyrics - Brick By Brick - Statistics

General Stats
  • This quiz has been taken 89 times
  • The average score is 95 of 112
Answer Stats
Lyrics % Correct
Brick
98%
brick
98%
brick,
98%
by
97%
by...
97%
I
97%
you
95%
up
92%
wanna
92%
build
91%
down
82%
an
74%
break
70%
rock
70%
your
70%
and
68%
roll
68%
love
56%
soul
56%
aaaaah
45%
feel
45%
reconstruct
44%
gonna
42%
I'm
42%
steal
42%
want
29%
blow
24%
empty
12%
No matching quizzes found
Score Distribution
Percent of People with Each Score
Percentile by Number Answered
Your Score History
You have not taken this quiz